Partnerships for malaria control engaging the formal and informal private sectors : a review /
I tiakina i:
| Ngā kaituhi rangatōpū: | , , , , |
|---|---|
| Ētahi atu kaituhi: | , |
| Hōputu: | Tāhiko īPukapuka |
| Reo: | Ingarihi |
| I whakaputaina: |
Geneva :
Special Programme for Research & Training in Tropical Diseases (TDR) : World Health Organization,
c2006.
|
| Ngā marau: | |
| Urunga tuihono: | An electronic book accessible through the World Wide Web; click to view |
| Ngā Tūtohu: |
Kāore He Tūtohu, Me noho koe te mea tuatahi ki te tūtohu i tēnei pūkete!
|
MARC
| LEADER | 00000nam a2200000Ia 4500 | ||
|---|---|---|---|
| 001 | 0000094596 | ||
| 005 | 20171002054848.0 | ||
| 006 | m u | ||
| 007 | cr cn||||||||| | ||
| 008 | 070422s2006 sz a sb 000 0 eng d | ||
| 020 | |z 9241563346 | ||
| 020 | |z 9789241563345 | ||
| 035 | |a (CaPaEBR)ebr10190687 | ||
| 035 | |a (OCoLC)216947194 | ||
| 040 | |a CaPaEBR |c CaPaEBR | ||
| 050 | 1 | 4 | |a RA644.M2 |b P37 2006eb |
| 245 | 0 | 0 | |a Partnerships for malaria control |h [electronic resource] : |b engaging the formal and informal private sectors : a review / |c commissioned by the UNICEF/UNDP/World Bank/WHO Special Programme for Research and Training in Tropical Diseases (TDR), in collaboration with the Working Group on Financing and Resources of the Roll Back Malaria Partnership, chaired by the World Bank. |
| 260 | |a Geneva : |b Special Programme for Research & Training in Tropical Diseases (TDR) : |b World Health Organization, |c c2006. | ||
| 300 | |a ix, 82 p. : |b ill. | ||
| 500 | |a Prepared by HLSP Institute, London, UK. The manuscript was prepared by Nicole Fraser and Nel Druce. | ||
| 504 | |a Includes bibliographical references (p. 66-82). | ||
| 533 | |a Electronic reproduction. |b Palo Alto, Calif. : |c ebrary, |d 2009. |n Available via World Wide Web. |n Access may be limited to ebrary affiliated libraries. | ||
| 650 | 0 | |a Malaria |x Prevention |x Economic aspects |z Africa, Sub-Saharan. | |
| 650 | 0 | |a Malaria |x Prevention |x Economic aspects |z Developing countries. | |
| 650 | 0 | |a Vector control |x Economic aspects |z Developing countries. | |
| 650 | 0 | |a Public-private sector cooperation |z Developing countries. | |
| 650 | 0 | |a Antimalarials |x Economic aspects |z Developing countries. | |
| 650 | 0 | |a Nets |x Health aspects |z Developing countries. | |
| 650 | 0 | |a Insecticides |x Health aspects |z Developing countries. | |
| 650 | 0 | |a Informal sector (Economics) |z Africa, Sub-Saharan. | |
| 650 | 0 | |a Informal sector (Economics) |z Developing countries. | |
| 655 | 7 | |a Electronic books. |2 local | |
| 700 | 1 | |a Fraser, Nicole. | |
| 700 | 1 | |a Druce, Nel. | |
| 710 | 2 | |a Global Partnership to Roll Back Malaria. |b Working Group on Financing and Resources. | |
| 710 | 2 | |a Special Programme for Research and Training in Tropical Diseases. | |
| 710 | 2 | |a World Health Organization. | |
| 710 | 2 | |a HLSP Institute (London, England) | |
| 710 | 2 | |a ebrary, Inc. | |
| 856 | 4 | 0 | |u http://site.ebrary.com/lib/daystar/Doc?id=10190687 |z An electronic book accessible through the World Wide Web; click to view |
| 908 | |a 170314 | ||
| 942 | 0 | 0 | |c EB |
| 999 | |c 83751 |d 83751 | ||